[Event "Svenska cupen 2016"]
[Site "Linkoping"]
[Date "2016.09.10"]
[Round "4.5"]
[White "Tuomainen, Felix"]
[Black "Malmstig, Erik"]
[Result "0-1"]
[WhiteElo "2150"]
[BlackElo "2295"]

1.d4 Nf6 2.c4 c5 3.d5 b5 4.cxb5 a6 5.bxa6 g6 6.Nc3 Bxa6 7.e4 Bxf1 8.Kxf1 
d6 9.Nf3 Nbd7 10.g3 Bg7 11.Kg2 O-O 12.a4 Ng4 13.Qc2 Qb6 14.Nb5 Qb7 15.Bd2 
f5 16.h3 Ngf6 17.exf5 Nxd5 18.Rhe1 Rxf5 19.Ra3 Raf8 20.Qe4 Ne5 21.Bf4 Nxf3
22.Rxf3 g5 23.Rb3 gxf4 24.Nd4 Ne3+ 25.Rexe3 fxe3 0-1

[Event "Svenska cupen 2016"]
[Site "Linkoping"]
[Date "2016.09.10"]
[Round "4.6"]
[White "Lindgren, Fredrik"]
[Black "Bit-Narva, David"]
[Result "1-0"]
[WhiteElo "2232"]
[BlackElo "2029"]

1.d4 d6 2.Nf3 g6 3.c4 Bg7 4.Nc3 Nf6 5.e4 O-O 6.Be2 Nbd7 7.Be3 e5 8.d5 a5 
9.Nd2 Nc5 10.a3 Ne8 11.b4 Na6 12.Nb3 f5 13.Nxa5 fxe4 14.Nxe4 Bf5 15.Ng3 e4
16.Bd4 Bh6 17.Nxb7 Qb8 18.b5 Qxb7 19.bxa6 Qxa6 20.O-O Nf6 21.f3 e3 22.Nxf5
gxf5 23.f4 Rae8 24.Qd3 Re4 25.Bf3 Rxf4 26.Bxe3 Rh4 27.Bxh6 Rxh6 28.Qxf5 
Qxc4 29.h3 Qh4 30.Bg4 Rg6 31.a4 Qg5 32.a5 Ra8 33.Qe6+ Kh8 34.Rf5 Qd2 35.
Raf1 Re8 36.Qf7 Qe3+ 37.Kh1 Nxg4 38.hxg4 Rxg4 39.Qf6+ Rg7 40.R5f3 Qd2 41.
Rg3 Rg8 42.a6 Qxd5 43.Qxg7+ Rxg7 44.Rf8+ 1-0

[Event "Svenska cupen 2016"]
[Site "Linkoping"]
[Date "2016.09.10"]
[Round "4.7"]
[White "Berglind, Axel"]
[Black "Eriksson, Jorgen"]
[Result "0-1"]
[WhiteElo "1946"]
[BlackElo "2228"]

1.c4 e6 2.Nf3 Nf6 3.g3 d5 4.Bg2 Be7 5.O-O O-O 6.d4 c6 7.Nbd2 b6 8.Qc2 Bb7 
9.e4 c5 10.cxd5 exd5 11.e5 Nfd7 12.Nb3 Nc6 13.Be3 Rc8 14.Qf5 cxd4 15.Nbxd4
Nxd4 16.Bxd4 Nc5 17.Rfd1 Ne6 18.Bc3 Rc7 19.Nd4 Qd7 20.Bh3 Bc8 21.Qd3 Qa4 
22.Qb5 Qc4 23.Bf1 Nxd4 24.Bxc4 Nxb5 25.Bxb5 Be6 26.f4 g6 27.Ba6 Rd8 28.Bd4
Bc5 29.a4 Bg4 30.Rd2 Bxd4+ 31.Rxd4 Rc2 32.Ra3 Rxb2 33.Bb7 Be6 34.Rad3 Ra2 
35.Bxd5 Rxd5 36.Rxd5 Bxd5 37.Rxd5 Rxa4 38.Rd8+ Kg7 39.Rd7 Kf8 40.Rb7 Ra2 
41.h3 h5 42.Kh1 Ke8 43.Kg1 Ra4 44.Kg2 h4 45.gxh4 Rxf4 46.Rxa7 Rxh4 47.Rb7 
Re4 48.Rxb6 Rxe5 49.Kf3 Ke7 50.Kf4 Re6 51.Rb4 Kf6 52.h4 Ra6 53.Rc4 Ra1 54.
Rc6+ Kg7 55.Rc7 Rg1 56.Ra7 Kh6 57.Ra4 Kh5 58.Kf3 f5 59.Rb4 Ra1 60.Kg3 Ra3+
61.Kg2 Re3 62.Rb6 Re4 63.Kg3 Rg4+ 64.Kf3 Rxh4 65.Rb8 Ra4 66.Rb5 Kg5 67.Rb3
Ra6 68.Kg3 Kf6 69.Kf3 g5 70.Kg3 Kg6 71.Kf3 g4+ 72.Kf4 Ra4+ 73.Kg3 Kg5 74.
Rb8 f4+ 75.Kg2 Ra2+ 76.Kg1 Kh4 77.Rb3 f3 78.Kh1 Kh3 79.Rb1 Rh2+ 0-1

[Event "Svenska cupen 2016"]
[Site "Linkoping"]
[Date "2016.09.10"]
[Round "4.8"]
[White "Johansson, David"]
[Black "Halvarsson, Gustav"]
[Result "0-1"]
[WhiteElo "2106"]
[BlackElo "1900"]

1.d4 d5 2.c4 e6 3.g3 Nf6 4.Bg2 c6 5.Nf3 Be7 6.O-O O-O 7.Qc2 Nbd7 8.Nbd2 b5
9.b3 bxc4 10.bxc4 Ba6 11.Rd1 Qc8 12.Bb2 Bb4 13.Bc3 Bxc3 14.Qxc3 Nb6 15.Ne5
Nfd7 16.Nxd7 Qxd7 17.c5 Nc4 18.e4 Nxd2 19.Rxd2 Rab8 20.f4 Rb7 21.h3 Rfb8 
22.g4 Bc4 23.e5 Rb4 24.Rad1 Qc8 25.Rf2 Ra4 26.Rdd2 Qb7 27.Kh2 Qa6 28.Rb2 
Rb5 29.f5 Ra3 30.Qd2 Qc8 31.Qg5 Rxb2 32.Rxb2 exf5 33.gxf5 h6 34.Qf4 Rxa2 
35.Rb1 Bd3 36.Rg1 Qxf5 37.Qh4 Be4 38.Qg3 Qg5 0-1

[Event "Svenska cupen 2016"]
[Site "Linkoping"]
[Date "2016.09.10"]
[Round "5.1"]
[White "Tuomainen, Felix"]
[Black "Andersson, Fredrik"]
[Result "0-1"]
[WhiteElo "2150"]
[BlackElo "2279"]

1.d4 Nf6 2.c4 g6 3.Nc3 Bg7 4.Nf3 O-O 5.Bg5 c5 6.d5 h6 7.Bh4 d6 8.e3 Qb6 9.
Qd2 e6 10.dxe6 Bxe6 11.Be2 Rd8 12.O-O g5 13.Bg3 d5 14.Qc2 Nc6 15.Nb5 Rac8 
16.a3 Ne4 17.cxd5 Bxd5 18.Nc3 Nxc3 19.bxc3 Bb3 20.Qf5 Be6 21.Qc2 Qb3 22.
Qxb3 Bxb3 23.Rac1 Na5 24.h4 g4 25.Ne5 h5 26.f3 Rd2 27.Rf2 Bh6 28.f4 f6 29.
Nd3 c4 30.Nb4 Rcd8 31.Bf1 f5 32.Rxd2 Rxd2 33.e4 fxe4 34.Re1 Bg7 35.Rxe4 
Bxc3 36.Be1 Bd4+ 37.Kh2 Rd1 38.Bg3 Rxf1 39.Rxd4 c3 40.Rd8+ Kf7 41.Rc8 Nc6 
42.Nd3 Bc4 43.Ne1 Bb3 44.Rc7+ Kf6 45.Rxb7 c2 46.Nxc2 Bxc2 47.Rb5 Bf5 48.
Rc5 Nd4 49.Ra5 Ne2 50.Ra6+ Be6 51.a4 Nxg3 52.Kxg3 Ra1 53.Rxa7 Ra3+ 54.Kf2 
Ra2+ 55.Kf1 Ra1+ 56.Kf2 Ra2+ 57.Kf1 Bd5 58.a5 Bxg2+ 59.Ke1 Bf3 0-1

[Event "Svenska cupen 2016"]
[Site "Linkoping"]
[Date "2016.09.10"]
[Round "5.2"]
[White "Larsson, Anders"]
[Black "Bit-Narva, David"]
[Result "1-0"]
[WhiteElo "2266"]
[BlackElo "2029"]

1.d4 d6 2.Nf3 g6 3.g3 Bg7 4.Bg2 Nf6 5.O-O O-O 6.a4 c6 7.a5 Qc7 8.Nbd2 Nbd7
9.e4 e5 10.c3 d5 11.exd5 Nxd5 12.dxe5 Nxe5 13.Nxe5 Bxe5 14.Nf3 Bg4 15.Qa4 
Bxf3 16.Bxf3 Rfe8 17.Qc4 Rad8 18.Bg5 f6 19.Be3 Kh8 20.Bxa7 Ra8 21.Bd4 Rxa5
22.Rxa5 Qxa5 23.b4 Qd8 24.Rd1 Nb6 25.Qb3 Bxd4 26.Rxd4 Qe7 27.Kg2 Nd7 28.
Qd1 Ne5 29.Be2 c5 30.Re4 Rd8 31.Qb3 Qd6 32.Re3 Qc6+ 33.Kg1 c4 34.Qc2 b5 
35.Qe4 Qd6 36.Qb7 Qd7 37.Qb6 Kg7 38.Qa6 Qd5 39.Qa7+ Kg8 40.Qe7 Qd6 41.Qxd6
Rxd6 42.f4 Nd3 43.Re8+ Kf7 44.Rb8 Re6 45.Bxd3 cxd3 46.Rd8 Re1+ 47.Kf2 Re2+
48.Kf3 Rxh2 49.Rxd3 Rc2 50.Ke4 Ke6 51.g4 h5 52.f5+ gxf5+ 53.gxf5+ Ke7 54.
Rh3 h4 55.Kd5 Rf2 56.Rxh4 Rxf5+ 57.Kc6 Rf3 58.c4 bxc4 59.Rxc4 Rb3 60.b5 f5
61.b6 Kd8 62.b7 Rb2 63.Rc5 f4 64.Rd5+ Ke8 65.Rb5 1-0

[Event "Svenska cupen 2016"]
[Site "Linkoping"]
[Date "2016.09.10"]
[Round "5.3"]
[White "Berglind, Axel"]
[Black "Glimbrandt, Torbjorn"]
[Result "0-1"]
[WhiteElo "1946"]
[BlackElo "2218"]

1.c4 Nf6 2.Nf3 e6 3.g3 d5 4.Bg2 Be7 5.O-O O-O 6.d4 b6 7.Nc3 Bb7 8.Bf4 Na6 
9.Ne5 c5 10.e3 Ne4 11.g4 cxd4 12.exd4 Nxc3 13.bxc3 Rc8 14.cxd5 exd5 15.Qd2
Nc7 16.Bg3 f6 17.Nd3 Nb5 18.Rac1 Qd7 19.a4 Nd6 20.Nf4 Ne4 21.Bxe4 dxe4 22.
Qa2+ Rf7 23.h3 g5 24.Ng2 f5 25.gxf5 Qxf5 26.Kh2 Bd5 27.c4 Be6 28.Rh1 h5 
29.Qe2 h4 30.Be5 Qxh3+ 31.Kg1 Qg4 32.Qxg4 Bxg4 33.Kf1 Bd7 34.Ne3 Bxa4 35.
Ke2 Rcf8 36.Rh2 Bd7 37.Rg1 Kh7 38.Nd5 Bd8 39.Ke3 Bf5 40.Nc3 Bg6 41.Nd5 
Rf3+ 42.Ke2 Bh5 43.Ke1 Rb3 44.Rgg2 Bf3 45.Rg3 Rb2 46.Ne3 a5 47.d5 Re2+ 48.
Kf1 a4 49.d6 a3 50.Nd5 a2 51.Ne3 Bh5 52.Rxh4 gxh4 53.Rg7+ Kh6 0-1

[Event "Svenska cupen 2016"]
[Site "Linkoping"]
[Date "2016.09.10"]
[Round "5.4"]
[White "Engstrom, Kaj"]
[Black "Halvarsson, Gustav"]
[Result "1-0"]
[WhiteElo "2159"]
[BlackElo "1900"]

1.e4 e6 2.d4 d5 3.e5 c5 4.c3 Nc6 5.Nf3 Bd7 6.Be2 a6 7.O-O Qb6 8.dxc5 Bxc5 
9.b4 Bf8 10.Bd3 Nge7 11.a3 Ng6 12.Re1 Be7 13.Nbd2 Qc7 14.Bxg6 hxg6 15.c4 
dxc4 16.Nxc4 Na7 17.Nd6+ Bxd6 18.exd6 Qc3 19.Rb1 Qc6 20.Bb2 Nb5 21.Bxg7 
Rg8 22.Be5 Nxa3 23.Rc1 Qb6 24.Qd2 Nb5 25.Ng5 f6 26.Bxf6 Qxd6 27.Qb2 Nc7 
28.Be5 Qd5 29.Rxc7 Bc6 30.Ne4 Rf8 31.f3 Rf5 32.Nf6+ Rxf6 33.Bxf6 1-0

[Event "Svenska cupen 2016"]
[Site "Linkoping"]
[Date "2016.09.10"]
[Round "5.5"]
[White "Storme, Isak"]
[Black "Malmstig, Erik"]
[Result "0-1"]
[WhiteElo "2154"]
[BlackElo "2295"]

1.e4 c5 2.Nf3 d6 3.d4 cxd4 4.Nxd4 Nf6 5.Nc3 Bd7 6.Be3 Ng4 7.Bc1 Nc6 8.f3 
Qb6 9.Ncb5 e5 10.fxg4 exd4 11.Bf4 Nb4 12.Na3 Qc5 13.Bc4 Be7 14.O-O Be6 15.
Bb5+ Nc6 16.Qd2 Bxg4 17.b4 Qc3 18.Qxc3 dxc3 19.Nb1 Bf6 20.Bxd6 O-O-O 21.
Bc5 Nd4 22.Na3 b6 23.Bxd4 Bxd4+ 24.Kh1 f6 25.h3 Be6 26.Bc4 Rhe8 27.Rfe1 
Bd7 28.Nb5 Bxb5 29.Bxb5 Re5 30.Bc6 Bf2 31.Red1 Rd2 32.Rxd2 cxd2 33.Rd1 Be3
34.g4 Kc7 35.Bd5 g6 36.Kg2 f5 37.gxf5 gxf5 38.Kf3 f4 39.c4 Kd6 40.Ke2 Rg5 
41.Rh1 Rg2+ 42.Kd3 Ke5 43.a4 Bg1 44.Kc2 f3 45.c5 Kd4 46.c6 f2 0-1

[Event "Svenska cupen 2016"]
[Site "Linkoping"]
[Date "2016.09.10"]
[Round "5.6"]
[White "Lindgren, Fredrik"]
[Black "Berggren Torell, Harald"]
[Result "1-0"]
[WhiteElo "2232"]
[BlackElo "2128"]

1.d4 e6 2.Nf3 f5 3.h3 Nf6 4.g4 d5 5.Nc3 Nc6 6.Bf4 Bd6 7.Bg5 h6 8.Bxf6 Qxf6
9.gxf5 Qxf5 10.h4 Nb4 11.Rc1 Bd7 12.a3 Nc6 13.Bh3 Qf6 14.Qd3 O-O-O 15.Rg1 
Be8 16.Nxd5 Qf8 17.Bxe6+ Kb8 18.Qf5 Qxf5 19.Bxf5 Rf8 20.Be4 Bh5 21.c3 Rde8
22.Nd2 Na5 23.b4 Nb3 24.Nxb3 Rxe4 25.Rc2 Rxh4 26.Rxg7 c6 27.Ne3 Rh2 28.f3 
Rh3 29.Nc5 Re8 30.Kf2 Be7 31.Kg2 Rh4 32.Nf5 1-0

[Event "Svenska cupen 2016"]
[Site "Linkoping"]
[Date "2016.09.10"]
[Round "5.7"]
[White "Bengtsson, Jonas"]
[Black "Eriksson, Jorgen"]
[Result "1/2-1/2"]
[WhiteElo "2084"]
[BlackElo "2228"]

1.d4 d5 2.c4 e6 3.Nc3 c6 4.e4 Bb4 5.e5 Ne7 6.a3 Bxc3+ 7.bxc3 c5 8.Nf3 Nbc6
9.Be2 dxc4 10.Bxc4 cxd4 11.cxd4 Nf5 12.Be3 Nxe3 13.fxe3 Qa5+ 14.Qd2 Bd7 
15.O-O Qxd2 16.Nxd2 Na5 17.Bd3 Bc6 18.Rac1 Ke7 19.Rc3 Rhc8 20.Rfc1 Bd7 21.
Ne4 Rxc3 22.Rxc3 Rc8 23.Rxc8 Bxc8 24.Nd6 Bd7 25.Bxh7 g6 26.Bg8 Be8 27.h4 
b5 28.h5 gxh5 29.Bh7 Nc4 30.Nxc4 bxc4 31.Bc2 f6 32.exf6+ Kxf6 33.e4 e5 34.
d5 Ke7 35.Kf2 h4 36.Bd1 Kd6 37.Ke3 Kc5 38.Bg4 Bg6 39.Bf3 1/2-1/2

[Event "Svenska cupen 2016"]
[Site "Linkoping"]
[Date "2016.09.11"]
[Round "6.1"]
[White "Malmstig, Erik"]
[Black "Andersson, Fredrik"]
[Result "0-1"]
[WhiteElo "2295"]
[BlackElo "2279"]

1.c4 Nf6 2.d4 g6 3.Nc3 Bg7 4.e4 d6 5.Nge2 O-O 6.Ng3 e5 7.d5 a5 8.Be2 Nbd7 
9.h4 h5 10.Bg5 Qe8 11.Nb5 Qd8 12.O-O Nc5 13.f4 c6 14.fxe5 dxe5 15.dxc6 Qb6
16.Kh2 Nfxe4 17.Nxe4 Nxe4 18.c7 Nxg5 19.hxg5 Qe3 20.c5 e4 21.Bc4 Be5+ 22.
Kh1 Qg3 23.Kg1 Bh3 24.Rf2 Qh2+ 25.Kf1 Qh1+ 26.Ke2 Bg4+ 27.Kd2 Bxd1 28.Rxd1
e3+ 0-1

[Event "Svenska cupen 2016"]
[Site "Linkoping"]
[Date "2016.09.11"]
[Round "6.2"]
[White "Larsson, Anders"]
[Black "Lindgren, Fredrik"]
[Result "1/2-1/2"]
[WhiteElo "2266"]
[BlackElo "2232"]

1.Nf3 Nf6 2.d4 g6 3.g3 Bg7 4.Bg2 O-O 5.O-O d5 6.Nbd2 Nbd7 7.c4 c6 8.cxd5 
cxd5 9.Nb3 b6 10.Bf4 Ba6 11.Rc1 Rc8 12.Ne5 Nxe5 13.Bxe5 e6 14.Bf3 Qd7 15.
Qd2 Qa4 16.Qf4 Nd7 17.Bxg7 Kxg7 18.Qd6 Bb5 19.Qa3 Qxa3 20.bxa3 Nb8 21.Rfd1
Ba4 22.e4 Nc6 23.Kg2 dxe4 24.Bxe4 Na5 25.Rxc8 Rxc8 26.Rd3 Bb5 27.Rd1 Nc4 
28.Rc1 Ba4 29.Rc3 Nd6 30.Rxc8 Nxc8 31.Kf3 Nd6 32.Bd3 Nb5 33.Bxb5 Bxb5 34.
Ke4 Bc4 35.Ke5 g5 36.a4 a6 37.Kd6 Kf6 38.Kc6 b5 39.a5 Kf5 40.Kb6 b4 41.Kc5
Bd5 42.Kxb4 Ke4 43.Kc3 Kf3 44.Nc5 Bxa2 45.Nxa6 Bd5 46.Nb4 Ba8 47.Nd3 Kg2 
48.h4 gxh4 49.gxh4 Kh3 50.h5 Kg4 51.h6 Kg5 52.Kd2 Kxh6 53.Ke3 Kg5 54.f3 
Kf6 55.Kf4 Ke7 56.a6 Kd6 57.Ne5 f6 58.Ng4 Ke7 59.Nf2 h6 60.Ng4 h5 61.Nf2 
h4 62.Kg4 f5+ 63.Kxh4 Bxf3 64.Kg3 Ba8 65.Kf4 Kd6 66.a7 Kd5 67.Ke3 f4+ 68.
Kxf4 Kxd4 69.Ng4 Kc5 1/2-1/2

[Event "Svenska cupen 2016"]
[Site "Linkoping"]
[Date "2016.09.11"]
[Round "6.3"]
[White "Eriksson, Jorgen"]
[Black "Glimbrandt, Torbjorn"]
[Result "1/2-1/2"]
[WhiteElo "2228"]
[BlackElo "2218"]

1.d4 Nf6 2.Bg5 Ne4 3.Bf4 d5 4.e3 c5 5.Nd2 Nxd2 6.Qxd2 cxd4 7.exd4 Nc6 8.
Nf3 a6 9.Bd3 Bg4 10.Ne5 Nxe5 11.Bxe5 f6 12.Bg3 e6 13.O-O Be7 14.Rfe1 Qd7 
15.h3 Bh5 16.c4 Bg6 17.Bf1 Kf7 18.c5 h5 19.b4 h4 20.Bh2 Bf5 21.a4 g5 22.f3
Bd8 23.b5 Bc7 24.Bxc7 Qxc7 25.bxa6 bxa6 26.Bd3 Rhe8 27.Rab1 Rab8 28.Rxb8 
Rxb8 29.Bxf5 exf5 30.Qe2 Qg3 31.c6 Kg6 32.Rc1 Qf4 33.Qd1 a5 34.Kh1 Rc8 35.
Rc5 Rc7 36.Rc2 Qd6 37.Qd2 Rxc6 38.Rxc6 Qxc6 39.Qxa5 Qc1+ 40.Kh2 Qf4+ 41.
Kh1 Qc1+ 42.Kh2 Qf4+ 43.Kh1 Qc1+ 1/2-1/2

[Event "Svenska cupen 2016"]
[Site "Linkoping"]
[Date "2016.09.11"]
[Round "6.4"]
[White "Engstrom, Kaj"]
[Black "Johansson, David"]
[Result "0-1"]
[WhiteElo "2159"]
[BlackElo "2106"]

1.e4 c5 2.Nf3 e6 3.b3 b6 4.Bb2 Bb7 5.Bd3 Nf6 6.Qe2 Be7 7.O-O a6 8.c4 d6 9.
Nc3 Nc6 10.Rae1 O-O 11.Bb1 Re8 12.Nd1 e5 13.Nc3 Bf8 14.Nd5 Bc8 15.h3 Rb8 
16.Nh2 Nxd5 17.exd5 Nd4 18.Bxd4 cxd4 19.f4 f6 20.Nf3 Bd7 21.Qf2 g6 22.Qg3 
Bg7 23.h4 f5 24.h5 Qf6 25.fxe5 dxe5 26.h6 Bh8 27.Rf2 e4 28.Nh4 Qe5 29.Rf4 
Qd6 30.Qf2 Be5 31.g3 Rf8 32.Rf1 d3 33.Kh2 b5 34.Qa7 Bxf4 35.gxf4 bxc4 36.
bxc4 Rb2 37.Kg3 Rxd2 38.c5 Qxd5 39.c6 Qxc6 40.Qd4 Rf6 41.Rc1 Qxc1 0-1

[Event "Svenska cupen 2016"]
[Site "Linkoping"]
[Date "2016.09.11"]
[Round "6.5"]
[White "Lind, Jan-Olov"]
[Black "Nithander, Victor"]
[Result "0-1"]
[WhiteElo "2229"]
[BlackElo "2427"]

1.e4 g6 2.Nf3 Bg7 3.d3 c5 4.g3 Nc6 5.Bg2 d6 6.O-O e5 7.a3 Nge7 8.Nbd2 O-O 
9.b4 b6 10.Rb1 h6 11.c3 Be6 12.b5 Nb8 13.Nc4 Qc7 14.Ne3 a6 15.Nh4 Ra7 16.
f4 exf4 17.gxf4 f5 18.Kh1 Nd7 19.Bh3 Qb7 20.Rg1 Kh7 21.Rg2 Rf6 22.exf5 
Nxf5 23.Nhxf5 gxf5 24.Kg1 Nf8 25.bxa6 Rxa6 26.c4 Qf7 27.Qf3 Rg6 28.Rxg6 
Nxg6 29.Kh1 Nh4 30.Qg3 Qh5 31.Bf1 Bd4 32.Nd5 Bxd5+ 33.cxd5 Qd1 34.Qh3 Ra7 
35.Rxb6 Rg7 0-1

[Event "Svenska cupen 2016"]
[Site "Linkoping"]
[Date "2016.09.11"]
[Round "6.6"]
[White "Sagit, Rauan"]
[Black "Goransson, Rolf"]
[Result "1-0"]
[WhiteElo "2414"]
[BlackElo "1933"]

1.Nf3 Nf6 2.g3 g6 3.b3 Bg7 4.Bb2 O-O 5.Bg2 c5 6.O-O Nc6 7.c4 d6 8.d4 cxd4 
9.Nxd4 Bd7 10.e3 a6 11.Nc3 Rb8 12.Rc1 Nxd4 13.exd4 Bc6 14.Re1 Bxg2 15.Kxg2
Qd7 16.a4 b6 17.Qf3 Rfc8 18.d5 Ne8 19.Re2 Bf8 20.Ne4 h6 21.h4 Rc7 22.Bd4 
Ng7 23.Bb2 Rbc8 24.Rec2 Qf5 25.Qe3 b5 26.f3 Kh7 27.Bd4 bxc4 28.bxc4 Qd7 
29.Bb6 Rb7 30.a5 f5 31.c5 dxc5 32.Nxc5 Qxd5 33.Nxb7 Rxc2+ 34.Rxc2 Qxb7 35.
Qd3 Ne6 36.Qc4 Qd7 37.Re2 Ng7 38.Qf7 Qe8 39.Qxe8 Nxe8 40.Bd8 Bg7 41.Rxe7 
Nd6 42.Rd7 Nc4 43.Bf6 1-0

[Event "Svenska cupen 2016"]
[Site "Linkoping"]
[Date "2016.09.11"]
[Round "6.7"]
[White "Ljunggren, Jacob"]
[Black "Lindberg, Bo"]
[Result "0-1"]
[WhiteElo "1932"]
[BlackElo "2402"]

1.e4 c5 2.Nf3 d6 3.d4 cxd4 4.Nxd4 Nf6 5.Nc3 a6 6.h3 e5 7.Nde2 h5 8.g3 Be6 
9.Bg2 b5 10.Bg5 Nbd7 11.O-O Be7 12.Be3 Nb6 13.f4 Nc4 14.Bc1 Qb6+ 15.Rf2 
Ne3 16.Bxe3 Qxe3 17.Qd3 Qxd3 18.cxd3 Bd8 19.d4 Bb6 20.Rd1 Rc8 21.Kh1 b4 
22.fxe5 dxe5 23.Nd5 Bxd5 24.exd5 Rc2 25.Rf5 Rxe2 26.Rxe5+ Rxe5 27.dxe5 Nd7
28.e6 Nc5 29.d6 Nxe6 30.Bc6+ Kd8 31.Bb7 Nc5 32.Bc6 Rh6 33.Rd5 Ne4 34.Re5 
Nxd6 0-1

[Event "Svenska cupen 2016"]
[Site "Linkoping"]
[Date "2016.09.11"]
[Round "6.8"]
[White "Cramling, Dan"]
[Black "Forsberg, William"]
[Result "1-0"]
[WhiteElo "2367"]
[BlackElo "1910"]

1.d4 Nf6 2.c4 e6 3.Nc3 d5 4.Bg5 c6 5.e3 Be7 6.Nf3 Nbd7 7.Bd3 O-O 8.O-O b6 
9.cxd5 cxd5 10.Qa4 Bb7 11.Ne5 a6 12.Nc6 Bxc6 13.Qxc6 b5 14.a4 b4 15.Ne2 
Qa5 16.Rfc1 Qb6 17.Bxf6 Qxc6 18.Rxc6 Bxf6 19.Rxa6 Rac8 20.f4 Rc7 21.Kf2 
Rfc8 22.Ke1 Be7 23.b3 h6 24.Kd2 Kf8 25.Rc1 Ke8 26.Rxc7 Rxc7 27.Ra8+ Bd8 
28.a5 Ke7 29.a6 Nb6 30.Rb8 Ra7 31.Bb5 Nd7 32.Rc8 Nb6 33.Rc6 Na8 34.Rc2 Nc7
35.Bd3 Kd7 36.f5 Ra8 37.Ra2 Kc6 38.fxe6 fxe6 39.Nc1 Kb6 40.Ke2 Nxa6 41.
Rxa6+ Rxa6 42.Bxa6 Kxa6 43.Nd3 Be7 44.Nf4 Kb6 45.Nxe6 Bf6 46.Nf4 Kc6 47.
Nh5 Kd6 48.Nxf6 gxf6 49.Kf3 f5 50.Kf4 Ke6 51.g4 fxg4 52.Kxg4 h5+ 53.Kg5 h4
54.h3 Ke7 55.Kxh4 Kf6 56.Kg4 1-0

[Event "Svenska cupen 2016"]
[Site "Linkoping"]
[Date "2016.09.11"]
[Round "7.1"]
[White "Andersson, Fredrik"]
[Black "Nithander, Victor"]
[Result "1/2-1/2"]
[WhiteElo "2279"]
[BlackElo "2427"]

1.e4 g6 2.d4 Bg7 3.Nc3 d6 4.f4 a6 5.Nf3 b5 6.Bd3 Nd7 7.e5 Bb7 8.Be4 Qc8 9.
Bxb7 Qxb7 10.Qe2 Nh6 11.Ng5 Nb6 12.O-O O-O 13.Nce4 Qd5 14.c3 f6 15.Nf3 Nf7
16.exf6 exf6 17.Ng3 Rfe8 18.Qc2 f5 19.Bd2 Nc4 20.a4 Bh6 21.axb5 axb5 22.
Rxa8 Rxa8 23.Bc1 Re8 24.Re1 Rxe1+ 25.Nxe1 c5 26.dxc5 dxc5 27.Qd3 Qa8 28.b3
Ncd6 29.Be3 Qa1 30.Kf1 c4 31.bxc4 Nxc4 32.Ne2 Qa8 33.Bc5 Qc6 34.Bb4 Bf8 
1/2-1/2

[Event "Svenska cupen 2016"]
[Site "Linkoping"]
[Date "2016.09.11"]
[Round "7.2"]
[White "Sagit, Rauan"]
[Black "Larsson, Anders"]
[Result "1-0"]
[WhiteElo "2414"]
[BlackElo "2266"]

1.Nf3 Nf6 2.g3 g6 3.b3 Bg7 4.Bb2 O-O 5.Bg2 d5 6.O-O a5 7.a3 c6 8.d3 Re8 9.
Nbd2 Na6 10.c4 Bg4 11.h3 Bxf3 12.Nxf3 e6 13.Qc2 Nd7 14.d4 a4 15.b4 Nb6 16.
Nd2 Nxc4 17.Nxc4 dxc4 18.Qxc4 Nc7 19.Rad1 Qg5 20.e3 Qb5 21.Qc2 Nd5 22.Rfe1
Qa6 23.e4 Nf6 24.Rd3 Rad8 25.Red1 Qa7 26.Bc1 h6 27.Be3 Qa8 28.Qd2 Kh7 29.
d5 exd5 30.exd5 Nxd5 31.Bxd5 Rxd5 32.Rxd5 cxd5 33.Qxd5 Kg8 34.b5 Bf8 35.
Rd3 Qc8 36.Kg2 Qc2 37.Qd7 Re7 38.Qd8 Qc7 39.Bxh6 1-0

[Event "Svenska cupen 2016"]
[Site "Linkoping"]
[Date "2016.09.11"]
[Round "7.3"]
[White "Glimbrandt, Torbjorn"]
[Black "Lindberg, Bo"]
[Result "0-1"]
[WhiteElo "2218"]
[BlackElo "2402"]

1.e4 e5 2.Nf3 Nc6 3.Nc3 Nf6 4.Bb5 Bc5 5.O-O O-O 6.d3 d6 7.h3 h6 8.Na4 Bb6 
9.c3 Ne7 10.Nxb6 axb6 11.Ba4 Ng6 12.Bc2 Re8 13.Re1 Bd7 14.d4 Bc6 15.d5 Bd7
16.Nh2 Nh7 17.Qf3 Ng5 18.Qg3 Qf6 19.Ng4 Bxg4 20.Qxg4 Kh8 21.Be3 Nf4 22.h4 
Nh7 23.g3 g5 24.h5 Qe7 25.Qd1 Rg8 26.g4 Nf6 27.f3 Qd7 28.Kf2 b5 29.a3 c6 
30.Bb3 Qc7 31.Qd2 c5 32.a4 Qd7 33.Qd1 c4 34.Bc2 bxa4 35.Bxf4 gxf4 36.Rxa4 
Rxa4 37.Bxa4 b5 38.Bc2 Qa7+ 39.Kg2 Ra8 40.Qe2 Nd7 41.Rb1 Nc5 42.Qf2 Qe7 
43.b4 Nd7 44.Kh3 Qd8 45.Rg1 Ra2 46.Rg2 Nf8 47.Qg1 Nh7 48.Rf2 Ng5+ 49.Kg2 
Qa8 50.Bd1 Ra3 51.Rc2 Qa6 52.Qf2 Kg7 53.Qd2 Kf8 54.Be2 Ke7 55.Bf1 Kd7 56.
Qf2 Kc7 57.Kh2 Ra1 58.Bg2 Kb7 59.Rb2 Qa3 60.Qc2 Qa7 61.Rb1 Rxb1 62.Qxb1 
Qf2 63.Qd1 Qe3 64.Qa1 Qf2 65.Qd1 Qb2 0-1

[Event "Svenska cupen 2016"]
[Site "Linkoping"]
[Date "2016.09.11"]
[Round "7.4"]
[White "Cramling, Dan"]
[Black "Engstrom, Kaj"]
[Result "1-0"]
[WhiteElo "2367"]
[BlackElo "2159"]

1.d4 d5 2.c4 c6 3.Nc3 Nf6 4.e3 g6 5.Bd3 Bg7 6.Nf3 O-O 7.O-O Nbd7 8.cxd5 
cxd5 9.Qb3 e6 10.Bd2 Ne8 11.e4 Nb6 12.exd5 exd5 13.a4 Nd6 14.Bg5 f6 15.Bf4
Be6 16.Rfe1 Bf7 17.a5 Nbc4 18.Qb4 g5 19.Bg3 f5 20.Be5 Nxe5 21.Nxe5 Ne4 22.
f3 Bxe5 23.dxe5 Nxc3 24.e6 Bxe6 25.Rxe6 Qd7 26.Re7 Qc6 27.bxc3 Rac8 28.Rb1
b6 29.Rxa7 bxa5 30.Qe7 Qc5+ 31.Qxc5 Rxc5 32.Rbb7 Re8 33.Bxf5 Rxc3 34.Be6+ 
1-0

[Event "Svenska cupen 2016"]
[Site "Linkoping"]
[Date "2016.09.11"]
[Round "7.5"]
[White "Malmstig, Erik"]
[Black "Thorn, Eric"]
[Result "0-1"]
[WhiteElo "2295"]
[BlackElo "2331"]

1.c4 Nf6 2.d4 g6 3.Nc3 Bg7 4.e4 d6 5.Nge2 c6 6.Ng3 a6 7.Be2 b5 8.e5 dxe5 
9.dxe5 Qxd1+ 10.Nxd1 Nfd7 11.f4 Nb6 12.Ne3 Be6 13.b3 N8d7 14.Ba3 Bh6 15.
Rf1 Nxe5 16.Bb2 f6 17.fxe5 Bxe3 18.exf6 Rf8 19.Bf3 Rc8 20.fxe7 Kxe7 21.Ke2
Bh6 22.Ne4 Nd7 23.cxb5 axb5 24.Ba3+ c5 25.Rad1 b4 26.Bb2 c4 27.Rxd7+ Bxd7 
28.Be5 cxb3 29.Bd6+ Kd8 30.Rd1 bxa2 31.Nc5 Re8+ 32.Kf1 Bb5+ 33.Kg1 Be3+ 
34.Kh1 Bd2 35.Nb7+ Kd7 36.Bg3 Rc1 37.Bg4+ Ke7 38.Rxc1 Bxc1 39.Be5 Kf8 0-1

[Event "Svenska cupen 2016"]
[Site "Linkoping"]
[Date "2016.09.11"]
[Round "7.7"]
[White "Eriksson, Jorgen"]
[Black "Lissang, Christopher"]
[Result "1/2-1/2"]
[WhiteElo "2228"]
[BlackElo "2313"]

1.d4 d5 2.Bf4 Nf6 3.e3 e6 4.Nd2 c5 5.c3 Nc6 6.Ngf3 Bd6 7.Bg3 O-O 8.Be2 b6 
9.O-O Bb7 10.Ne5 Ne7 11.a4 Nf5 12.Bf4 Qc7 13.Bd3 Ne4 14.Bxe4 dxe4 15.Ndc4 
Ba6 16.Nxd6 Nxd6 17.dxc5 bxc5 18.Nc4 Bxc4 19.Bxd6 Qb7 20.Bxf8 Rxf8 21.Re1 
Bd3 22.b4 cxb4 23.cxb4 Qxb4 24.a5 a6 25.Qa4 Qxa4 26.Rxa4 Rc8 27.Rea1 f5 
28.Rd4 Bb5 29.h3 Kf7 30.Ra2 Rc5 31.Kh2 Kf6 32.Rb2 Ke5 33.Rd8 Kf6 34.Rf8+ 
Ke7 35.Rb8 Kf6 36.Rb7 h6 37.Rd2 Bd3 38.Ra2 g6 39.Rb6 h5 40.h4 Re5 41.Kg3 
Rc5 42.Kf4 Bf1 43.Kg3 Bd3 44.Kh2 Ke5 45.Kg3 Kf6 46.Rb8 Rd5 47.Rbb2 Rc5 48.
Ra3 Bf1 49.Rbb3 Rd5 50.Rc3 Bb5 51.Ra2 Bd3 52.Rc6 Bb5 53.Rb6 Bd3 54.Kf4 Rc5
55.f3 Rd5 56.Ra3 Rc5 57.Rd6 Rc2 58.Rdxd3 exd3 59.Rxd3 Ra2 60.Rd6 Rxa5 61.
e4 Ra4 62.Rb6 a5 63.Ra6 fxe4 64.fxe4 Ra2 65.e5+ Kf7 66.Ra7+ Kf8 67.g3 Rf2+
68.Kg5 Rf7 69.Rxa5 Kg7 70.g4 hxg4 71.Kxg4 Rf5 1/2-1/2

[Event "Svenska cupen 2016"]
[Site "Linkoping"]
[Date "2016.09.11"]
[Round "7.8"]
[White "Aperia, Jakob"]
[Black "Johansson, David"]
[Result "1-0"]
[WhiteElo "2102"]
[BlackElo "2106"]

1.c4 c5 2.g3 g6 3.Bg2 Bg7 4.Nc3 Nc6 5.a3 d6 6.Rb1 a5 7.d3 e5 8.e4 Nge7 9.
Nge2 O-O 10.O-O Nd4 11.b4 axb4 12.axb4 b6 13.f4 Bd7 14.bxc5 bxc5 15.Nxd4 
cxd4 16.Nb5 Bc6 17.Qb3 Qd7 18.Bd2 Rfb8 19.Ra1 Rxa1 20.Rxa1 Bxb5 21.Rb1 Bh6
22.cxb5 Qg4 23.Rf1 Qe6 24.Qxe6 fxe6 25.Rb1 exf4 26.Bxf4 Bxf4 27.gxf4 Rb6 
28.Bf3 Kf7 29.Bd1 Kf6 30.Ba4 d5 31.Rc1 Rb7 32.Kf2 Ra7 33.Bd1 Ra2+ 34.Kg3 
Rb2 35.Rc5 Rd2 36.e5+ Kf7 37.Bc2 Nf5+ 38.Kh3 Ne3 39.b6 Nxc2 40.b7 Rxd3+ 
41.Kg4 Rb3 42.Rc7+ Ke8 43.Rc8+ Kd7 44.b8=Q Rxb8 45.Rxb8 Ne3+ 46.Kf3 h6 47.
Rg8 Nf5 48.Ke2 Ke7 49.Rxg6 Kf7 50.Rf6+ Ke7 51.Rxf5 exf5 52.Kd3 Kd7 53.Kxd4
Kc6 54.h3 h5 55.h4 Kd7 56.Kxd5 Ke7 57.e6 1-0